| 000 | 00604nam a22002177a 4500 | ||
|---|---|---|---|
| 005 | 20240313123245.0 | ||
| 008 | 240313b |||||||| |||| 00| 0 eng d | ||
| 020 | _a9780323266161 | ||
| 082 |
_a616.07 _bKUM-R |
||
| 100 | _aKumar Vinay, | ||
| 245 |
_aRobbins and Pathologic Basis of Disease / _cVinay Kumar, Abdul K. Abbas, John C. Aster |
||
| 250 | _a9th ed. | ||
| 260 |
_aIndia: _bElsevier; _c2015. |
||
| 300 |
_a665p. : _bill; _c27cm. |
||
| 490 | _vvol, 2; | ||
| 500 | _ainclude index. | ||
| 650 | _aMedical / Pathology | ||
| 700 | _aAbdul K. Abbas | ||
| 700 | _aJohn C. Aster | ||
| 999 |
_c35357 _d35357 |
||